[Event "U12-U20 French Championships"]
[Site "chess24.com"]
[Date "2019.04.15"]
[Round "2"]
[White "Belluire, Beatrice"]
[Black "Tourneur, Cloe"]
[Result "1-0"]
[Board "18"]
[WhiteElo "1870"]
[WhiteCountry "FRA"]
[WhiteFideId "26017296"]
[WhiteEloChange "4"]
[BlackElo "1654"]
[BlackCountry "FRA"]
[BlackFideId "26067099"]
[BlackEloChange "-4"]

1. e4 {[%clk 1:31:00]} d5 {[%clk 1:30:52]} 2. exd5 {[%clk 1:31:28]} Nf6 {[%clk
1:31:14]} 3. Bb5+ {[%clk 1:31:55]} Bd7 {[%clk 1:31:28]} 4. Be2 {[%clk 1:32:24]}
Nxd5 {[%clk 1:31:34]} 5. d4 {[%clk 1:32:49]} Nc6 {[%clk 1:25:33]} 6. c4 {[%clk
1:28:17]} Nf6 {[%clk 1:22:48]} 7. d5 {[%clk 1:18:18]} Ne5 {[%clk 1:19:20]} 8. Qb3
{[%clk 1:15:45]} Bc8 {[%clk 1:16:07]} 9. Nf3 {[%clk 1:14:11]} Ned7 {[%clk
1:09:06]} 10. O-O {[%clk 1:11:50]} g6 {[%clk 1:08:15]} 11. Be3 {[%clk 1:01:06]}
Bg7 {[%clk 1:04:58]} 12. Nc3 {[%clk 1:01:16]} O-O {[%clk 1:03:46]} 13. h3 {[%clk
0:59:21]} b6 {[%clk 0:56:20]} 14. Nd4 {[%clk 0:57:59]} Bb7 {[%clk 0:50:24]} 15.
Rad1 {[%clk 0:58:08]} Qc8 {[%clk 0:46:07]} 16. Bf4 {[%clk 0:56:51]} a6 {[%clk
0:43:12]} 17. Rfe1 {[%clk 0:56:07]} Re8 {[%clk 0:41:15]} 18. Bf3 {[%clk 0:53:57]}
Nc5 {[%clk 0:35:35]} 19. Qc2 {[%clk 0:54:03]} e6 {[%clk 0:34:16]} 20. b4 {[%clk
0:53:16]} Ncd7 {[%clk 0:28:34]} 21. dxe6 {[%clk 0:53:31]} fxe6 {[%clk 0:27:45]}
22. Bxb7 {[%clk 0:51:57]} Qxb7 {[%clk 0:27:57]} 23. Nxe6 {[%clk 0:52:06]} Qc6
{[%clk 0:23:07]} 24. Nxg7 {[%clk 0:46:02]} Kxg7 {[%clk 0:22:21]} 25. Qd3 {[%clk
0:46:14]} a5 {[%clk 0:19:26]} 26. b5 {[%clk 0:41:10]} Qb7 {[%clk 0:17:16]} 27.
Qd4 {[%clk 0:37:17]} Kf7 {[%clk 0:15:21]} 28. Nd5 {[%clk 0:36:16]} Nxd5 {[%clk
0:15:01]} 29. cxd5 {[%clk 0:36:21]} Nf6 {[%clk 0:11:18]} 30. Be5 {[%clk 0:28:20]}
Nd7 {[%clk 0:09:52]} 31. d6 {[%clk 0:18:21]} cxd6 {[%clk 0:08:12]} 32. Bxd6
{[%clk 0:16:49]} Rad8 {[%clk 0:06:50]} 33. Qc4+ {[%clk 0:13:35]} Kg7 {[%clk
0:06:21]} 34. Be7 {[%clk 0:13:33]} Rc8 {[%clk 0:05:20]} 35. Qd4+ {[%clk 0:13:44]}
1-0

[Event "U12-U20 French Championships"]
[Site "chess24.com"]
[Date "2019.04.15"]
[Round "2"]
[White "Saya, Ethan"]
[Black "Boyer, Mahel"]
[Result "1-0"]
[Board "19"]
[WhiteElo "2160"]
[WhiteCountry "FRA"]
[WhiteFideId "26095181"]
[WhiteEloChange "15"]
[BlackTitle "FM"]
[BlackElo "2342"]
[BlackCountry "FRA"]
[BlackFideId "45102422"]
[BlackEloChange "-15"]

1. e4 {[%clk 1:28:49]} c5 {[%clk 1:30:57]} 2. Nc3 {[%clk 1:28:47]} a6 {[%clk
1:31:24]} 3. g3 {[%clk 1:28:56]} b5 {[%clk 1:31:53]} 4. Bg2 {[%clk 1:29:12]} Bb7
{[%clk 1:32:20]} 5. d3 {[%clk 1:28:46]} e6 {[%clk 1:32:48]} 6. Nge2 {[%clk
1:28:58]} d6 {[%clk 1:32:46]} 7. O-O {[%clk 1:26:53]} Nc6 {[%clk 1:33:15]} 8. Be3
{[%clk 1:22:31]} Nf6 {[%clk 1:33:34]} 9. h3 {[%clk 1:21:54]} Be7 {[%clk 1:34:00]}
10. f4 {[%clk 1:15:18]} O-O {[%clk 1:34:06]} 11. g4 {[%clk 1:04:11]} Nd7 {[%clk
1:31:59]} 12. Ng3 {[%clk 0:59:02]} Bh4 {[%clk 1:16:42]} 13. Nce2 {[%clk 0:47:09]}
h6 {[%clk 1:17:09]} 14. c3 {[%clk 0:44:31]} Rc8 {[%clk 1:08:41]} 15. Qd2 {[%clk
0:40:36]} Nb6 {[%clk 1:08:56]} 16. f5 {[%clk 0:36:30]} Ne5 {[%clk 0:23:58]} 17.
Nh5 {[%clk 0:32:43]} exf5 {[%clk 0:23:54]} 18. Nxg7 {[%clk 0:25:17]} Kxg7 {[%clk
0:18:39]} 19. Bxh6+ {[%clk 0:25:05]} Kg8 {[%clk 0:18:20]} 20. Bxf8 {[%clk
0:24:52]} Qxf8 {[%clk 0:18:42]} 21. Rxf5 {[%clk 0:24:43]} Ng6 {[%clk 0:13:27]}
22. Raf1 {[%clk 0:23:25]} Nd7 {[%clk 0:13:42]} 23. Nf4 {[%clk 0:16:58]} Nxf4
{[%clk 0:13:08]} 24. Qxf4 {[%clk 0:17:22]} Ne5 {[%clk 0:13:28]} 25. g5 {[%clk
0:16:52]} Ng6 {[%clk 0:13:39]} 26. Qg4 {[%clk 0:17:05]} Rc7 {[%clk 0:04:23]} 27.
Rf6 {[%clk 0:17:17]} Qe8 {[%clk 0:04:03]} 28. Rxg6+ {[%clk 0:16:31]} fxg6 {[%clk
0:04:32]} 29. Qxh4 {[%clk 0:16:44]} Rf7 {[%clk 0:03:17]} 30. Rf4 {[%clk 0:07:43]}
Qe6 {[%clk 0:00:45]} 31. Rxf7 {[%clk 0:06:59]} Qxf7 {[%clk 0:01:12]} 32. Qf2
{[%clk 0:06:29]} Qe7 {[%clk 0:00:32]} 33. Qf4 {[%clk 0:06:19]} Kg7 {[%clk
0:00:33]} 34. e5 {[%clk 0:04:30]} Bc8 {[%clk 0:00:31]} 35. Qf6+ {[%clk 0:04:22]}
Qxf6 {[%clk 0:01:00]} 36. exf6+ {[%clk 0:03:13]} Kf8 {[%clk 0:01:22]} 37. Kf2
{[%clk 0:03:04]} Be6 {[%clk 0:01:21]} 38. a3 {[%clk 0:03:24]} a5 {[%clk 0:01:14]}
39. Ke3 {[%clk 0:03:37]} b4 {[%clk 0:01:33]} 40. axb4 {[%clk 0:03:54]} axb4
{[%clk 0:01:48]} 41. cxb4 {[%clk 0:04:17]} cxb4 {[%clk 0:02:16]} 42. h4 {[%clk
0:04:09]} Bf7 {[%clk 0:02:32]} 43. Kd4 {[%clk 0:04:28]} 1-0

[Event "U12-U20 French Championships"]
[Site "chess24.com"]
[Date "2019.04.15"]
[Round "2"]
[White "Popov, Konstantin"]
[Black "Motoyama, Enzo-Ryadh"]
[Result "1-0"]
[Board "20"]
[WhiteTitle "FM"]
[WhiteElo "2328"]
[WhiteCountry "RUS"]
[WhiteFideId "34137910"]
[WhiteEloChange "5"]
[BlackElo "2144"]
[BlackCountry "FRA"]
[BlackFideId "36040215"]
[BlackEloChange "-5"]

1. e4 {[%clk 1:30:55]} c5 {[%clk 1:30:44]} 2. Nf3 {[%clk 1:31:16]} Nc6 {[%clk
1:30:54]} 3. d4 {[%clk 1:31:22]} cxd4 {[%clk 1:31:06]} 4. Nxd4 {[%clk 1:31:45]}
Nf6 {[%clk 1:31:12]} 5. Nc3 {[%clk 1:32:04]} d6 {[%clk 1:31:22]} 6. Bg5 {[%clk
1:32:02]} e6 {[%clk 1:31:24]} 7. Bb5 {[%clk 1:31:55]} Bd7 {[%clk 1:28:23]} 8.
Bxc6 {[%clk 1:31:51]} bxc6 {[%clk 1:26:59]} 9. Qf3 {[%clk 1:31:44]} Rc8 {[%clk
1:17:20]} 10. O-O-O {[%clk 1:13:12]} Be7 {[%clk 1:04:45]} 11. Nb3 {[%clk
1:04:12]} Qc7 {[%clk 0:55:25]} 12. e5 {[%clk 0:24:03]} dxe5 {[%clk 0:53:59]} 13.
Ne4 {[%clk 0:23:40]} Nxe4 {[%clk 0:49:12]} 14. Bxe7 {[%clk 0:24:03]} Kxe7 {[%clk
0:49:08]} 15. Qxe4 {[%clk 0:24:30]} c5 {[%clk 0:49:04]} 16. Nd2 {[%clk 0:23:12]}
c4 {[%clk 0:39:46]} 17. c3 {[%clk 0:21:31]} f6 {[%clk 0:23:32]} 18. Qg4 {[%clk
0:17:42]} g6 {[%clk 0:20:09]} 19. Ne4 {[%clk 0:13:33]} Bc6 {[%clk 0:10:48]} 20.
Rd6 {[%clk 0:01:14]} Bd5 {[%clk 0:06:45]} 21. Rd1 {[%clk 0:01:35]} Rhd8 {[%clk
0:03:30]} 22. R1xd5 {[%clk 0:01:01]} exd5 {[%clk 0:03:48]} 23. Rxf6 {[%clk
0:00:56]} Qd7 {[%clk 0:02:28]} 24. Qg5 {[%clk 0:01:14]} Ke8 {[%clk 0:00:32]} 25.
Qxe5+ {[%clk 0:01:31]} 1-0

[Event "U12-U20 French Championships"]
[Site "chess24.com"]
[Date "2019.04.15"]
[Round "2"]
[White "Poulet, Benoit"]
[Black "Degraeve, Remy"]
[Result "1/2-1/2"]
[Board "21"]
[WhiteElo "2109"]
[WhiteCountry "FRA"]
[WhiteFideId "26085844"]
[WhiteEloChange "5"]
[BlackTitle "FM"]
[BlackElo "2312"]
[BlackCountry "FRA"]
[BlackFideId "26024560"]
[BlackEloChange "-5"]

1. d4 {[%clk 1:30:58]} Nf6 {[%clk 1:30:54]} 2. Nf3 {[%clk 1:31:24]} d5 {[%clk
1:31:19]} 3. e3 {[%clk 1:31:48]} e6 {[%clk 1:31:42]} 4. Bd3 {[%clk 1:32:03]} c5
{[%clk 1:30:40]} 5. b3 {[%clk 1:32:01]} Nc6 {[%clk 1:31:06]} 6. Bb2 {[%clk
1:32:00]} Bd6 {[%clk 1:31:31]} 7. O-O {[%clk 1:32:03]} Qe7 {[%clk 1:30:22]} 8.
dxc5 {[%clk 1:30:32]} Bxc5 {[%clk 1:30:28]} 9. c4 {[%clk 1:30:50]} dxc4 {[%clk
1:27:55]} 10. Bxc4 {[%clk 1:30:05]} O-O {[%clk 1:28:18]} 11. a3 {[%clk 1:24:41]}
a6 {[%clk 1:24:34]} 12. b4 {[%clk 1:23:10]} Ba7 {[%clk 1:24:59]} 13. Nbd2 {[%clk
1:19:08]} b5 {[%clk 1:24:55]} 14. Ba2 {[%clk 1:15:09]} a5 {[%clk 1:14:11]} 15.
bxa5 {[%clk 1:09:43]} Nxa5 {[%clk 1:13:32]} 16. Bb1 {[%clk 1:06:45]} Ba6 {[%clk
1:08:21]} 17. Qc2 {[%clk 1:03:51]} Qc5 {[%clk 1:08:32]} 18. Bc3 {[%clk 1:02:28]}
Rac8 {[%clk 1:02:20]} 19. Ne4 {[%clk 0:54:07]} Qh5 {[%clk 0:58:42]} 20. Nxf6+
{[%clk 0:53:03]} gxf6 {[%clk 0:59:11]} 21. Qxh7+ {[%clk 0:52:34]} Qxh7 {[%clk
0:59:37]} 22. Bxh7+ {[%clk 0:52:56]} Kxh7 {[%clk 1:00:06]} 23. Bxa5 {[%clk
0:53:16]} Bb7 {[%clk 0:59:07]} 24. Rfb1 {[%clk 0:48:41]} Rg8 {[%clk 0:58:24]} 25.
Rb4 {[%clk 0:48:03]} Rg6 {[%clk 0:53:42]} 26. Ne1 {[%clk 0:47:14]} Rc5 {[%clk
0:52:29]} 27. Rd1 {[%clk 0:46:05]} Kg7 {[%clk 0:46:58]} 28. g3 {[%clk 0:45:19]}
Bc6 {[%clk 0:46:12]} 29. Rh4 {[%clk 0:44:25]} Rc4 {[%clk 0:43:57]} 30. Rxc4
{[%clk 0:43:50]} bxc4 {[%clk 0:44:26]} 31. Rc1 {[%clk 0:43:08]} Bb5 {[%clk
0:42:58]} 32. Nf3 {[%clk 0:42:46]} Rh6 {[%clk 0:41:49]} 33. Nd2 {[%clk 0:40:10]}
Rh8 {[%clk 0:42:05]} 34. Bc3 {[%clk 0:40:16]} Bc5 {[%clk 0:41:18]} 35. Rb1 {[%clk
0:33:26]} Ba6 {[%clk 0:40:14]} 36. Bxf6+ {[%clk 0:32:47]} Kxf6 {[%clk 0:40:43]}
37. Ne4+ {[%clk 0:33:08]} Ke5 {[%clk 0:40:39]} 38. Nxc5 {[%clk 0:33:32]} Ra8
{[%clk 0:39:51]} 39. f4+ {[%clk 0:32:31]} Kd5 {[%clk 0:39:34]} 40. Na4 {[%clk
0:32:24]} Ke4 {[%clk 0:38:31]} 41. Kf2 {[%clk 0:31:28]} Rc8 {[%clk 0:36:49]} 42.
Rb6 {[%clk 0:30:10]} c3 {[%clk 0:35:09]} 43. Nxc3+ {[%clk 0:28:38]} Rxc3 {[%clk
0:35:36]} 44. Rxa6 {[%clk 0:29:01]} Rc2+ {[%clk 0:36:04]} 45. Ke1 {[%clk
0:28:56]} Kxe3 {[%clk 0:36:29]} 46. Kd1 {[%clk 0:29:20]} Rxh2 {[%clk 0:36:55]}
47. Rb6 {[%clk 0:28:32]} Kd3 {[%clk 0:31:27]} 48. Rb3+ {[%clk 0:28:37]} Kc4
{[%clk 0:31:54]} 49. Rf3 {[%clk 0:28:55]} f6 {[%clk 0:32:14]} 50. Re3 {[%clk
0:28:19]} Kd5 {[%clk 0:32:19]} 51. Re2 {[%clk 0:27:00]} Rh1+ {[%clk 0:32:42]} 52.
Kc2 {[%clk 0:26:58]} Rg1 {[%clk 0:32:52]} 53. Re3 {[%clk 0:26:57]} e5 {[%clk
0:33:12]} 54. fxe5 {[%clk 0:26:05]} fxe5 {[%clk 0:33:41]} 55. Rd3+ {[%clk
0:23:42]} Ke4 {[%clk 0:33:17]} 56. Rb3 {[%clk 0:23:45]} Rg2+ {[%clk 0:33:37]} 57.
Kd1 {[%clk 0:24:10]} Kd4 {[%clk 0:34:00]} 58. Rb4+ {[%clk 0:24:29]} Kc5 {[%clk
0:33:43]} 59. Rb3 {[%clk 0:22:47]} e4 {[%clk 0:33:56]} 60. Ke1 {[%clk 0:22:25]}
Ra2 {[%clk 0:34:21]} 61. Kd1 {[%clk 0:22:26]} Kc4 {[%clk 0:34:32]} 62. Re3 {[%clk
0:22:48]} Kd4 {[%clk 0:34:57]} 63. Rb3 {[%clk 0:23:14]} e3 {[%clk 0:34:53]} 64.
Rb8 {[%clk 0:23:32]} Ke4 {[%clk 0:34:37]} 65. Re8+ {[%clk 0:23:21]} Kf3 {[%clk
0:35:00]} 66. Rf8+ {[%clk 0:23:43]} Kg2 {[%clk 0:35:25]} 67. Re8 {[%clk 0:24:03]}
Rxa3 {[%clk 0:35:21]} 1/2-1/2

[Event "U12-U20 French Championships"]
[Site "chess24.com"]
[Date "2019.04.15"]
[Round "2"]
[White "Salvado, Salome"]
[Black "Djidjeli, Sarah"]
[Result "0-1"]
[Board "23"]
[WhiteElo "1608"]
[WhiteCountry "FRA"]
[WhiteFideId "36048712"]
[WhiteEloChange "-2"]
[BlackElo "2041"]
[BlackCountry "FRA"]
[BlackFideId "36067474"]
[BlackEloChange "2"]

1. e4 {[%clk 1:30:57]} c5 {[%clk 1:30:56]} 2. Nf3 {[%clk 1:31:19]} Nc6 {[%clk
1:31:22]} 3. Bb5 {[%clk 1:31:43]} g6 {[%clk 1:31:43]} 4. c3 {[%clk 1:32:07]} Nf6
{[%clk 1:31:13]} 5. Qe2 {[%clk 1:32:26]} Bg7 {[%clk 1:30:58]} 6. O-O {[%clk
1:32:38]} O-O {[%clk 1:31:06]} 7. d4 {[%clk 1:32:35]} cxd4 {[%clk 1:28:28]} 8.
cxd4 {[%clk 1:32:37]} d5 {[%clk 1:26:39]} 9. e5 {[%clk 1:32:48]} Ne8 {[%clk
1:26:51]} 10. Nc3 {[%clk 1:29:13]} Nc7 {[%clk 1:26:27]} 11. Ba4 {[%clk 1:26:49]}
Bg4 {[%clk 1:22:23]} 12. Bxc6 {[%clk 1:20:56]} bxc6 {[%clk 1:22:48]} 13. Be3
{[%clk 1:15:38]} f6 {[%clk 1:19:59]} 14. exf6 {[%clk 1:07:13]} Rxf6 {[%clk
1:18:01]} 15. Bg5 {[%clk 1:04:18]} Bxf3 {[%clk 1:16:10]} 16. gxf3 {[%clk
1:04:39]} Rf7 {[%clk 1:16:24]} 17. Qe3 {[%clk 1:00:21]} Qd7 {[%clk 1:15:53]} 18.
Rfe1 {[%clk 0:55:15]} Qf5 {[%clk 1:03:42]} 19. Rad1 {[%clk 0:53:53]} c5 {[%clk
0:53:19]} 20. Ne2 {[%clk 0:48:54]} Ne6 {[%clk 0:53:07]} 21. Ng3 {[%clk 0:37:06]}
Qxg5 {[%clk 0:52:41]} 22. Qxe6 {[%clk 0:37:18]} cxd4 {[%clk 0:52:20]} 23. h4
{[%clk 0:08:17]} Qxh4 {[%clk 0:46:51]} 24. Qxd5 {[%clk 0:32:34]} Rf8 {[%clk
0:46:24]} 25. Kg2 {[%clk 0:27:19]} Qf6 {[%clk 0:41:52]} 26. Rxd4 {[%clk 0:26:41]}
Qxd4 {[%clk 0:41:40]} 0-1

[Event "U12-U20 French Championships"]
[Site "chess24.com"]
[Date "2019.04.15"]
[Round "2"]
[White "Yuan, Beline"]
[Black "Aubert, Elea"]
[Result "1-0"]
[Board "24"]
[WhiteElo "1977"]
[WhiteCountry "FRA"]
[WhiteFideId "36019879"]
[WhiteEloChange "2"]
[BlackElo "1585"]
[BlackCountry "FRA"]
[BlackFideId "26053420"]
[BlackEloChange "-2"]

1. d4 {[%clk 1:30:52]} d5 {[%clk 1:30:56]} 2. c4 {[%clk 1:31:09]} e6 {[%clk
1:31:23]} 3. Nc3 {[%clk 1:31:23]} Nf6 {[%clk 1:31:43]} 4. Bg5 {[%clk 1:31:27]}
Be7 {[%clk 1:32:03]} 5. e3 {[%clk 1:31:39]} h6 {[%clk 1:32:09]} 6. Bh4 {[%clk
1:31:55]} b6 {[%clk 1:31:53]} 7. Nf3 {[%clk 1:31:37]} Bb7 {[%clk 1:31:58]} 8. Rc1
{[%clk 1:31:02]} O-O {[%clk 1:30:28]} 9. Bd3 {[%clk 1:30:35]} Nbd7 {[%clk
1:28:08]} 10. O-O {[%clk 1:29:55]} Rc8 {[%clk 1:28:14]} 11. Qe2 {[%clk 1:27:17]}
c5 {[%clk 1:26:37]} 12. Rfd1 {[%clk 1:25:42]} Qe8 {[%clk 1:20:13]} 13. cxd5
{[%clk 1:19:02]} Nxd5 {[%clk 1:19:15]} 14. Bg3 {[%clk 1:18:27]} N7f6 {[%clk
1:16:41]} 15. Nb5 {[%clk 1:17:37]} cxd4 {[%clk 0:56:17]} 16. Nd6 {[%clk 1:15:15]}
Bxd6 {[%clk 0:56:08]} 17. Bxd6 {[%clk 1:15:36]} Ne7 {[%clk 0:55:18]} 18. Bb5
{[%clk 1:10:58]} Qd8 {[%clk 0:53:12]} 19. Rxc8 {[%clk 1:10:55]} Bxc8 {[%clk
0:53:10]} 20. Ba3 {[%clk 1:08:14]} Qc7 {[%clk 0:52:13]} 21. Rxd4 {[%clk 1:07:42]}
Nf5 {[%clk 0:51:10]} 22. Rc4 {[%clk 1:07:41]} Qb8 {[%clk 0:46:45]} 23. Bxf8
{[%clk 1:08:03]} Kxf8 {[%clk 0:47:04]} 24. Qd2 {[%clk 1:06:17]} Bb7 {[%clk
0:45:42]} 25. Bc6 {[%clk 0:56:59]} Qc7 {[%clk 0:30:59]} 26. Qb4+ {[%clk 0:55:43]}
Kg8 {[%clk 0:26:41]} 27. Bxb7 {[%clk 0:53:11]} Qxb7 {[%clk 0:27:05]} 28. Qc3
{[%clk 0:52:28]} Nd6 {[%clk 0:23:36]} 29. Rd4 {[%clk 0:49:58]} Nfe4 {[%clk
0:19:54]} 30. Qc2 {[%clk 0:50:10]} f5 {[%clk 0:16:55]} 31. Ne5 {[%clk 0:49:07]}
Qa6 {[%clk 0:14:40]} 32. f3 {[%clk 0:44:53]} Qa5 {[%clk 0:11:15]} 33. Nd3 {[%clk
0:44:52]} Nc5 {[%clk 0:10:24]} 34. b4 {[%clk 0:44:55]} Qb5 {[%clk 0:07:31]} 35.
bxc5 {[%clk 0:45:20]} Nc4 {[%clk 0:07:33]} 36. Rxc4 {[%clk 0:45:39]} 1-0

[Event "U12-U20 French Championships"]
[Site "chess24.com"]
[Date "2019.04.15"]
[Round "2"]
[White "Bienvenu, Emma"]
[Black "Tomasi, Elise"]
[Result "0-1"]
[Board "25"]
[WhiteElo "1594"]
[WhiteCountry "FRA"]
[WhiteFideId "36098043"]
[WhiteEloChange "-3"]
[BlackElo "1904"]
[BlackCountry "FRA"]
[BlackFideId "26088843"]
[BlackEloChange "3"]

1. e4 {[%clk 1:30:59]} e5 {[%clk 1:30:37]} 2. Nf3 {[%clk 1:31:20]} Nc6 {[%clk
1:30:54]} 3. Bb5 {[%clk 1:31:41]} a6 {[%clk 1:30:52]} 4. Ba4 {[%clk 1:32:03]} Nf6
{[%clk 1:31:15]} 5. Qe2 {[%clk 1:31:53]} b5 {[%clk 1:30:48]} 6. Bb3 {[%clk
1:32:12]} Bc5 {[%clk 1:29:12]} 7. c3 {[%clk 1:30:04]} d6 {[%clk 1:24:47]} 8. O-O
{[%clk 1:28:02]} Bg4 {[%clk 1:17:53]} 9. Rd1 {[%clk 1:16:22]} O-O {[%clk
1:04:58]} 10. h3 {[%clk 1:06:16]} Bxf3 {[%clk 0:58:58]} 11. Qxf3 {[%clk 1:06:29]}
Qe7 {[%clk 0:53:25]} 12. d3 {[%clk 1:05:32]} h6 {[%clk 0:52:24]} 13. Be3 {[%clk
0:59:36]} Bxe3 {[%clk 0:31:59]} 14. Qxe3 {[%clk 0:52:45]} Na5 {[%clk 0:30:32]}
15. Bc2 {[%clk 0:52:25]} d5 {[%clk 0:28:42]} 16. exd5 {[%clk 0:42:47]} Nxd5
{[%clk 0:27:24]} 17. Qf3 {[%clk 0:41:12]} Rad8 {[%clk 0:20:22]} 18. Nd2 {[%clk
0:27:11]} c6 {[%clk 0:18:36]} 19. a4 {[%clk 0:15:16]} b4 {[%clk 0:16:17]} 20. d4
{[%clk 0:12:17]} exd4 {[%clk 0:13:50]} 21. cxd4 {[%clk 0:12:24]} Qa7 {[%clk
0:12:42]} 22. Ne4 {[%clk 0:08:19]} Rfe8 {[%clk 0:09:52]} 23. Nc5 {[%clk 0:04:49]}
g6 {[%clk 0:06:17]} 24. Bd3 {[%clk 0:03:29]} Nc7 {[%clk 0:05:38]} 25. Qf4 {[%clk
0:02:27]} Kg7 {[%clk 0:05:43]} 26. Re1 {[%clk 0:02:04]} Qb6 {[%clk 0:03:30]} 27.
Re5 {[%clk 0:01:14]} Nd5 {[%clk 0:02:23]} 28. Qg3 {[%clk 0:01:04]} Nb7 {[%clk
0:01:33]} 29. Rae1 {[%clk 0:01:08]} Rxe5 {[%clk 0:01:08]} 30. Qxe5+ {[%clk
0:01:15]} Nf6 {[%clk 0:01:10]} 31. Ne4 {[%clk 0:01:12]} Qxd4 {[%clk 0:01:22]} 32.
Qxf6+ {[%clk 0:01:15]} Qxf6 {[%clk 0:01:50]} 33. Nxf6 {[%clk 0:01:37]} Kxf6
{[%clk 0:02:16]} 34. Bxa6 {[%clk 0:01:56]} Nc5 {[%clk 0:02:38]} 35. Bc4 {[%clk
0:01:23]} Nxa4 {[%clk 0:02:50]} 36. b3 {[%clk 0:01:33]} Nc3 {[%clk 0:02:24]} 37.
Kh2 {[%clk 0:01:41]} Rd2 {[%clk 0:01:55]} 38. f3 {[%clk 0:01:52]} Nd5 {[%clk
0:01:35]} 39. Re4 {[%clk 0:01:41]} Nc3 {[%clk 0:01:32]} 40. Rf4+ {[%clk 0:01:43]}
Ke5 {[%clk 0:01:21]} 41. Rxf7 {[%clk 0:02:03]} Rd6 {[%clk 0:01:14]} 42. Kg3
{[%clk 0:01:36]} c5 {[%clk 0:00:40]} 43. Re7+ {[%clk 0:01:38]} Kd4 {[%clk
0:00:46]} 44. Rh7 {[%clk 0:00:54]} g5 {[%clk 0:00:45]} 45. Re7 {[%clk 0:00:45]}
Rf6 {[%clk 0:00:39]} 46. Rf7 {[%clk 0:00:37]} Rxf7 {[%clk 0:00:58]} 47. Bxf7
{[%clk 0:01:02]} Ke5 {[%clk 0:01:12]} 48. Bc4 {[%clk 0:01:06]} Nd1 {[%clk
0:01:23]} 49. Kh2 {[%clk 0:00:54]} Ne3 {[%clk 0:01:45]} 50. Bg8 {[%clk 0:00:46]}
c4 {[%clk 0:01:04]} 51. bxc4 {[%clk 0:01:08]} b3 {[%clk 0:01:27]} 52. g4 {[%clk
0:00:55]} b2 {[%clk 0:01:53]} 53. Bh7 {[%clk 0:01:21]} Nxc4 {[%clk 0:02:18]} 54.
Kg3 {[%clk 0:01:16]} Nd2 {[%clk 0:02:36]} 55. h4 {[%clk 0:01:00]} b1Q {[%clk
0:02:42]} 56. Bxb1 {[%clk 0:01:12]} Nxb1 {[%clk 0:03:11]} 57. h5 {[%clk 0:01:05]}
Nd2 {[%clk 0:03:33]} 58. f4+ {[%clk 0:00:56]} gxf4+ {[%clk 0:03:55]} 59. Kf2
{[%clk 0:01:20]} Kf6 {[%clk 0:04:17]} 60. Ke2 {[%clk 0:01:32]} Ne4 {[%clk
0:04:38]} 61. Kf3 {[%clk 0:01:30]} Kg5 {[%clk 0:05:05]} 62. Kxe4 {[%clk 0:01:28]}
Kxg4 {[%clk 0:05:30]} 63. Kd4 {[%clk 0:00:15]} 0-1

[Event "U12-U20 French Championships"]
[Site "chess24.com"]
[Date "2019.04.15"]
[Round "2"]
[White "Moracchini, Margaux"]
[Black "Guitouni, Soha"]
[Result "0-1"]
[Board "26"]
[WhiteElo "1891"]
[WhiteCountry "FRA"]
[WhiteFideId "36018198"]
[WhiteEloChange "-17"]
[BlackElo "1575"]
[BlackCountry "FRA"]
[BlackFideId "36069175"]
[BlackEloChange "17"]

1. e4 {[%clk 1:21:53]} c6 {[%clk 1:30:33]} 2. d4 {[%clk 1:22:16]} d5 {[%clk
1:30:38]} 3. Nd2 {[%clk 1:22:42]} dxe4 {[%clk 1:30:26]} 4. Nxe4 {[%clk 1:23:07]}
Bf5 {[%clk 1:30:25]} 5. Ng3 {[%clk 1:23:27]} Bg6 {[%clk 1:30:20]} 6. Nf3 {[%clk
1:23:22]} Nd7 {[%clk 1:29:48]} 7. h4 {[%clk 1:23:42]} h6 {[%clk 1:30:07]} 8. h5
{[%clk 1:24:09]} Bh7 {[%clk 1:30:18]} 9. Bd3 {[%clk 1:24:29]} Bxd3 {[%clk
1:29:45]} 10. Qxd3 {[%clk 1:24:55]} e6 {[%clk 1:29:51]} 11. Bf4 {[%clk 1:23:08]}
Ngf6 {[%clk 1:28:33]} 12. O-O-O {[%clk 1:20:20]} Be7 {[%clk 1:26:43]} 13. Kb1
{[%clk 1:11:52]} O-O {[%clk 1:18:51]} 14. Ne2 {[%clk 1:07:40]} c5 {[%clk
1:08:42]} 15. Ne5 {[%clk 0:56:40]} cxd4 {[%clk 1:01:14]} 16. Nxd7 {[%clk
0:49:19]} Qxd7 {[%clk 0:58:49]} 17. Nxd4 {[%clk 0:47:48]} Nd5 {[%clk 0:50:32]}
18. Nf3 {[%clk 0:39:02]} Qa4 {[%clk 0:47:45]} 19. Bd2 {[%clk 0:34:41]} Bf6 {[%clk
0:45:25]} 20. c3 {[%clk 0:30:13]} Rfd8 {[%clk 0:42:03]} 21. Qc2 {[%clk 0:30:03]}
Qc4 {[%clk 0:37:16]} 22. Rhe1 {[%clk 0:24:08]} Rac8 {[%clk 0:30:10]} 23. Re4
{[%clk 0:23:07]} Qc5 {[%clk 0:28:47]} 24. Be3 {[%clk 0:19:34]} Nxe3 {[%clk
0:28:34]} 25. Rxd8+ {[%clk 0:19:25]} Rxd8 {[%clk 0:28:43]} 26. Rxe3 {[%clk
0:19:46]} Qxh5 {[%clk 0:28:42]} 27. Qe4 {[%clk 0:12:24]} Qb5 {[%clk 0:22:36]} 28.
Nd4 {[%clk 0:07:11]} Bxd4 {[%clk 0:20:10]} 29. cxd4 {[%clk 0:07:36]} Qf1+ {[%clk
0:20:32]} 30. Re1 {[%clk 0:06:38]} Qxf2 {[%clk 0:20:31]} 31. Rd1 {[%clk 0:06:51]}
Qf5 {[%clk 0:20:43]} 32. Qxf5 {[%clk 0:06:50]} exf5 {[%clk 0:21:08]} 33. Kc2
{[%clk 0:06:47]} Kf8 {[%clk 0:20:28]} 34. Kd3 {[%clk 0:07:08]} Ke7 {[%clk
0:20:43]} 35. Rf1 {[%clk 0:06:33]} g6 {[%clk 0:19:52]} 36. b3 {[%clk 0:06:16]} h5
{[%clk 0:19:05]} 37. Rf2 {[%clk 0:05:34]} Kd6 {[%clk 0:18:59]} 38. Re2 {[%clk
0:05:40]} Rh8 {[%clk 0:17:32]} 39. Kc4 {[%clk 0:05:26]} h4 {[%clk 0:16:55]} 40.
Re3 {[%clk 0:05:51]} g5 {[%clk 0:12:43]} 41. Re5 {[%clk 0:05:13]} g4 {[%clk
0:12:58]} 42. Rxf5 {[%clk 0:05:29]} h3 {[%clk 0:13:20]} 43. gxh3 {[%clk 0:05:53]}
gxh3 {[%clk 0:13:42]} 44. Rf6+ {[%clk 0:05:51]} Ke7 {[%clk 0:13:52]} 45. Rf1
{[%clk 0:06:08]} h2 {[%clk 0:14:09]} 46. Rh1 {[%clk 0:06:34]} Kd6 {[%clk
0:14:27]} 47. a4 {[%clk 0:06:30]} f5 {[%clk 0:13:47]} 48. Kd3 {[%clk 0:05:39]}
Kd5 {[%clk 0:14:09]} 49. Ke3 {[%clk 0:05:58]} Rh4 {[%clk 0:14:05]} 50. b4 {[%clk
0:05:57]} f4+ {[%clk 0:13:37]} 51. Kf3 {[%clk 0:05:30]} Kxd4 {[%clk 0:13:47]} 52.
Kg2 {[%clk 0:04:44]} Kc4 {[%clk 0:13:53]} 53. Rc1+ {[%clk 0:05:05]} Kxb4 {[%clk
0:14:16]} 54. Kh1 {[%clk 0:05:28]} b6 {[%clk 0:14:03]} 55. Ra1 {[%clk 0:05:50]}
Rh3 {[%clk 0:14:23]} 56. a5 {[%clk 0:05:32]} bxa5 {[%clk 0:13:12]} 57. Rb1+
{[%clk 0:05:44]} Rb3 {[%clk 0:13:28]} 58. Rf1 {[%clk 0:06:09]} f3 {[%clk
0:13:40]} 59. Kxh2 {[%clk 0:06:37]} a4 {[%clk 0:14:02]} 60. Kg3 {[%clk 0:06:21]}
a3 {[%clk 0:14:09]} 61. Rf2 {[%clk 0:05:54]} Rc3 {[%clk 0:13:37]} 62. Rf1 {[%clk
0:04:57]} a2 {[%clk 0:13:53]} 63. Re1 {[%clk 0:04:10]} Kb3 {[%clk 0:14:11]} 64.
Rf1 {[%clk 0:04:16]} Kb2 {[%clk 0:14:29]} 65. Rf2+ {[%clk 0:04:42]} Rc2 {[%clk
0:14:50]} 66. Rxf3 {[%clk 0:05:00]} a1Q {[%clk 0:15:08]} 0-1